[Event "Madrid-ch Previa B"]
[Site "Madrid"]
[Date "2023.02.18"]
[Round "7.12"]
[White "Lopez Herrero, Israel"]
[Black "Torres Rebolledo, Marcos"]
[Result "1-0"]
[WhiteElo "1745"]
[BlackElo "1575"]
[PlyCount "73"]
[EventDate "2023.02.02"]
[EventType "swiss"]
[EventRounds "9"]
[EventCountry "ESP"]
[SourceTitle "EXT 2024"]
[Source "ChessBase"]
[SourceDate "2023.10.10"]
[SourceVersion "1"]
[SourceVersionDate "2023.10.10"]
[SourceQuality "1"]

1. e4 c6 2. d4 d5 3. e5 Bf5 4. h4 h5 5. Ne2 e6 6. Ng3 Bg6 7. Nd2 c5 8. c3 Nc6 9. Nf3 Qb6 10. a3 Nh6 11. Bd3 Bxd3 12. Qxd3 cxd4 13. cxd4 Ng4 14. 0-0 Be7 15. b4 a6 16. Ne2 Nh6 17. Ng3 Ng4 18. Rb1 Qb5 19. Qd1 a5 20. a4 Qb6 21. b5 Nb4 22. Ng5 g6 23. Qf3 0-0 24. Rd1 Rac8 25. Ba3 Nh6 26. Nxh5 gxh5 27. Qxh5 Kg7 28. Bc1 Rh8 29. Rb3 Bxg5 30. Qxg5+ Kf8 31. Qf6 Rg8 32. Bxh6+ Ke8 33. Bg5 Rxg5 34. hxg5 Nc2 35. Rh3 Nxd4 36. Rh8+ Kd7 37. Qxf7# 1-0

[Event "Madrid-ch sf"]
[Site "Madrid"]
[Date "2022.05.05"]
[Round "2"]
[White "Lopez Herrero, Israel"]
[Black "Perdomo Araujo, Angel Eduardo"]
[Result "1/2-1/2"]
[WhiteElo "1824"]
[BlackElo "2065"]
[PlyCount "72"]
[EventDate "2022.05.04"]
[EventType "swiss"]
[EventRounds "9"]
[EventCountry "ESP"]
[SourceTitle "EXT 2023"]
[Source "ChessBase"]
[SourceDate "2022.10.05"]
[SourceVersion "1"]
[SourceVersionDate "2022.10.05"]
[SourceQuality "1"]

1. e4 d5 2. exd5 Qxd5 3. Nc3 Qd6 4. Nf3 Nf6 5. d4 c6 6. Be2 g6 7. h3 Bg7 8. Be3 Nbd7 9. Qd2 Nb6 10. 0-0 0-0 11. Bf4 Qd8 12. Bh6 Nbd5 13. Bxg7 Kxg7 14. Nxd5 cxd5 15. Bd3 Be6 16. Rae1 Rc8 17. Ng5 Bd7 18. f4 e6 19. c3 Qb6 20. g4 Qd6 21. Nf3 h5 22. Ne5 hxg4 23. hxg4 Rh8 24. f5 exf5 25. gxf5 Rh5 26. Re2 Ne4 27. Bxe4 dxe4 28. fxg6 f6 29. Nxd7 Qxd7 30. Rh2 Rxh2 31. Qxh2 Qg4+ 32. Kf2 Qf3+ 33. Ke1 Qe3+ 34. Qe2 Qc1+ 35. Kf2 Qf4+ 36. Ke1 Qc1+ 1/2-1/2

[Event "Madrid San Viator op-B 29th"]
[Site "Madrid"]
[Date "2017.10.22"]
[Round "5"]
[White "Arce Escobedo, Julio"]
[Black "Lopez Herrero, Israel"]
[Result "1-0"]
[WhiteElo "1671"]
[BlackElo "1286"]
[PlyCount "57"]
[EventDate "2017.09.17"]
[EventType "swiss"]
[EventRounds "9"]
[EventCountry "ESP"]
[SourceTitle "EXT 2019"]
[Source "ChessBase"]
[SourceDate "2018.10.10"]
[SourceVersion "1"]
[SourceVersionDate "2018.10.10"]
[SourceQuality "1"]

1. e4 e5 2. Nf3 Nc6 3. Bc4 Bc5 4. b4 Bxb4 5. c3 Ba5 6. d4 d6 7. Qb3 Qd7 8. dxe5 dxe5 9. 0-0 Nf6 10. Rd1 Qe7 11. Ba3 Bb4 12. Bxb4 Nxb4 13. cxb4 Bg4 14. Nbd2 0-0 15. h3 Bh5 16. a3 Rfd8 17. Qe3 Rd7 18. Nf1 Rad8 19. Rxd7 Rxd7 20. Ng3 Bg6 21. Nf5 Qd8 22. Re1 Bh5 23. Nxe5 Re7 24. Nxe7+ Qxe7 25. Nf3 Qd7 26. e5 Ne8 27. e6 Qe7 28. exf7+ Bxf7 29. Qxe7 1-0

[Event "Madrid San Viator op-B 27th"]
[Site "Madrid"]
[Date "2016.11.06"]
[Round "7"]
[White "Ghavami, Mahmoud"]
[Black "Lopez Herrero, Israel"]
[Result "1-0"]
[WhiteElo "1592"]
[BlackElo "1340"]
[PlyCount "107"]
[EventDate "2016.09.25"]
[EventType "swiss"]
[EventRounds "9"]
[EventCountry "ESP"]
[SourceTitle "EXT 2019"]
[Source "ChessBase"]
[SourceDate "2018.10.10"]
[SourceVersion "1"]
[SourceVersionDate "2018.10.10"]
[SourceQuality "1"]

1. d4 d5 2. Nf3 Nc6 3. Bf4 Bf5 4. c3 e6 5. e3 Nf6 6. h3 Bd6 7. Ne5 Bxe5 8. Bxe5 Nxe5 9. dxe5 Ne4 10. Be2 f6 11. exf6 Qxf6 12. 0-0 Qg6 13. Bh5 Qxh5 14. Qxh5+ g6 15. Qe2 Nc5 16. Rd1 0-0-0 17. a4 Kb8 18. b4 Nd7 19. g4 Be4 20. f3 Bxb1 21. Raxb1 Rhf8 22. f4 e5 23. Rxd5 exf4 24. exf4 Rde8 25. Qxe8+ Rxe8 26. Rxd7 a6 27. Kf2 Rf8 28. Kg3 h5 29. Re1 Rh8 30. Ree7 h4+ 31. Kf3 Rc8 32. a5 Rf8 33. Rxc7 Rd8 34. Rxb7+ Ka8 35. Rbd7 Rf8 36. Ke4 Kb8 37. Kd5 Kc8 38. Ke5 Kb8 39. Rh7 Re8+ 40. Rde7 Rd8 41. Rxh4 Rc8 42. Kf6 Rc6+ 43. Kf7 Rc8 44. Kxg6 Rd8 45. Kg7 Kc8 46. Rh8 Rxh8 47. Kxh8 Kd8 48. Rg7 Ke8 49. f5 Kf8 50. f6 Ke8 51. Kg8 Kd8 52. Ra7 Ke8 53. f7+ Kd8 54. f8Q# 1-0

[Event "Madrid San Viator op-B 27th"]
[Site "Madrid"]
[Date "2016.10.23"]
[Round "6"]
[White "Lopez Herrero, Israel"]
[Black "Vicioso Barbadillo, Juan J"]
[Result "1-0"]
[WhiteElo "1340"]
[BlackElo "1100"]
[PlyCount "55"]
[EventDate "2016.09.25"]
[EventType "swiss"]
[EventRounds "9"]
[EventCountry "ESP"]
[SourceTitle "EXT 2019"]
[Source "ChessBase"]
[SourceDate "2018.10.10"]
[SourceVersion "1"]
[SourceVersionDate "2018.10.10"]
[SourceQuality "1"]

1. e4 e6 2. d4 d5 3. exd5 Qxd5 4. Nc3 Qd8 5. Bc4 Nf6 6. Nf3 Bb4 7. Bd2 0-0 8. a3 Bxc3 9. Bxc3 Nc6 10. Qd3 Re8 11. 0-0 Qd6 12. Ng5 g6 13. Rfe1 a6 14. d5 Nd8 15. Bxf6 Qf4 16. Ne4 exd5 17. Bxd5 Bf5 18. Qe3 Qxe3 19. Rxe3 Ne6 20. Bxe6 Bxe6 21. Ng5 Bd7 22. Rae1 Rxe3 23. Rxe3 b5 24. Re4 Bf5 25. Re7 Bxc2 26. Rxf7 Re8 27. Rg7+ Kf8 28. Nxh7# 1-0